Statistics for Country related to person

Click here to take the quiz!

General Stats

  • This quiz has been taken 15 times
  • The average score is 13 of 15

Answer Stats

PersonCountry% Correct
Emmanuel MacronFrance
100%
Mahatma GandhiIndia
100%
Jack the RipperUnited Kingdom
100%
Donald TrumpUnited States of America
100%
Jackie ChanChina
93%
Frida kahloMexico
93%
Vincent Van GoghNetherlands
93%
Josef StalinRussia
93%
Pablo EscobarColombia
87%
Greta ThunbergSweden
87%
Neymar Jr.Brazil
80%
H.C. AndersenDenmark
80%
Edmund HillaryNew Zealand
80%
Jeon JungkookSouth Korea
67%
Hansi HinterseerAustria
40%

Score Distribution

Percentile by Number Answered

Percent of People with Each Score

Your Score History

You have not taken this quiz